000 00518nam a22001937a 4500
003 OSt
005 20140310181706.0
008 121122t xxu||||| |||| 00| 0 eng d
020 _a0590029657
050 _aPZ 7
_b.ST897 1997
082 _aKF
_bSt8h 1997
100 _aTodd Strasser
_94387
245 _aHELP! I'M Trapped in the First Day of Summer Camp /
_cTodd Strasser
260 _aNew York.
_bScholastic Inc.
_cc1997.
300 _a148 p.
_c19 cm.
541 _j1
562 _e1
942 _2lcc
_cBK-KF
_kKF
999 _c1332
_d1332